000 00329nam a2200133Ia 4500
005 20251222141922.0
008 251222s9999||||xx |||||||||||||| ||spa||
020 _a84-89309-71-X
082 _a339.2/F49
100 _aFigueroa, Adolfo
245 0 _aCrisis Distributiva en el PerĂº
264 _bFondo Editorial PUCP
942 _cLIB
999 _c8760
_d8760